ANTROPOGENESI. L'UOMO DERIVA DALLA SCIMMIA? (Record n. 260176)
[ formato base ]
| 000 -LEADER | |
|---|---|
| fixed length control field | 00881nam a2200229Ia 4500 |
| 001 - CONTROL NUMBER | |
| control field | L140-947 |
| 003 - CONTROL NUMBER IDENTIFIER | |
| control field | IT-CnALBA |
| 008 - FIXED-LENGTH DATA ELEMENTS--GENERAL INFORMATION | |
| fixed length control field | 170116s9999||||xx |||||||||||||| ||und|| |
| 040 ## - CATALOGING SOURCE | |
| Original cataloging agency | IT-CnALBA |
| Transcribing agency | IT-CnALBA |
| 041 ## - LANGUAGE CODE | |
| Language code of text/sound track or separate title | ITALIANO |
| 999 ## - SYSTEM CONTROL NUMBERS (KOHA) | |
| Koha Dewey Subclass [OBSOLETE] | NO |
| 100 ## - MAIN ENTRY--PERSONAL NAME | |
| Personal name | BENASSI SALVATORE |
| 245 #0 - TITLE STATEMENT | |
| Title | ANTROPOGENESI. L'UOMO DERIVA DALLA SCIMMIA? |
| 250 ## - EDITION STATEMENT | |
| Edition statement | 1a ed. |
| 260 ## - PUBLICATION, DISTRIBUTION, ETC. (IMPRINT) | |
| Place of publication, distribution, etc. | BOLOGNA |
| Name of publisher, distributor, etc. | A.B.E.S. EDITRICE |
| Date of publication, distribution, etc. | 1954 [1° Ed.: n.d.] |
| 300 ## - PHYSICAL DESCRIPTION | |
| Extent | 59 p. |
| 500 ## - GENERAL NOTE | |
| General note | STORIA EVOLUZIONE. LE SCIMMIE. UOMO FIGLIO DELLA SCIMMIA. STUDIO DEI FOSSILI. ARGOMENTI. RISPOSTA DELLA FEDE. |
| 501 ## - WITH NOTE | |
| With note | Società San Paolo EM - Piazza San Paolo, 14 - 12051 ALBA (CN) (non commercial uses only) ® Copyright 2017 |
| 520 ## - SUMMARY, ETC. | |
| Summary, etc. | STORIA EVOLUZIONE. LE SCIMMIE. UOMO FIGLIO DELLA SCIMMIA. STUDIO DEI FOSSILI. ARGOMENTI. RISPOSTA DELLA FEDE. |
| 650 ## - SUBJECT ADDED ENTRY--TOPICAL TERM | |
| Topical term or geographic name as entry element | SISTEMI FILOSOFICI |
| 942 ## - ADDED ENTRY ELEMENTS (KOHA) | |
| Koha item type | LIBRO |
| 957 ## - | |
| -- | 1 |
| 999 ## - SYSTEM CONTROL NUMBERS (KOHA) | |
| -- | Copie: 1 |
| Withdrawn status | Lost status | Damaged status | Not for loan | Home library | Current library | Date acquired | Total Checkouts | Full call number | Date last seen | Price effective from | Koha item type | Public note |
|---|---|---|---|---|---|---|---|---|---|---|---|---|
| Buone Condizioni | Not For Loan | ALBA - Biblioteca | ALBA - Biblioteca | 16/01/2017 | L140-947 | 16/01/2017 | 16/01/2017 | LIBRO | (data import: 16 gennaio 2017) - By Epidotti, Vaglietti. |